1922 1079 1236 1241 1208 1980 1545 1015 1053 1154 1905 1029 1263 1225 1588 1095 1913 1224 1836 1803 1501 1881 1724 1725 1308 1389 1070 1659 1270 1155 1762 1368 1426 1823 1057 1306 1408 1605 1082 1910 1208 1603 1717 1612 1145 1845 1018 1581 1804 1707 1028 1420 1198 1569 1354 1672 1778 1841 1536 1481 1220 1588 1538 1684 1572 1203 1402 1037 1648 1883 1084 1564 1829 1356 1858 1045 1163 1317 1802 1043 1390 1975 1870 1394 1619 1519 1831 1566 1487 1023 1760 1423 1703 1624 1741 1879 1914 1924 1866 BCNSPRNW ULIB Ver.6.0+V

เปลี่ยนเป็นภาษาไทย

Change to English
 แสดงรายละเอียดบรรณานุกรม
  กลับหน้าหลัก

Brief Record : Get Marc (ISO 2709) : E-mail record : QR code < ปิดหน้าต่าง
LEADER : 00000nam 2200000uu 4500
001    13399121836
003     ULIB
008    121211s2550||||th 000 0 tha d
020    ^a9789748825212
060 04 ^aWP870^bน243ห
100 0  ^aนรินทร์ วรวุฒิ
245 10 ^aหมอมะเร็ง "แฉ" เรื่องเต้า /^cนรินทร์ วรวุฒิ ; เอื้อมพร สกุลแก้ว, บรรณาธิการ
250    ^aพิมพ์ครั้งที่ 1
260    ^aกรุงเทพฯ :^bใกล้หมอ,^c2550
300    ^a247 หน้า :^bภาพประกอบ
650  0 ^aBreast^xCancer^xTreatment
700 10 ^aเอื้อมพร สกุลแก้ว,^eบรรณาธิการ
945    ^p269^l0^i14309
995    ^a ทศพร
999    ^aทศพร เกษรทอง
รายการนี้ยังไม่มีแท็ก
คุณยังไม่ได้ล็อกอิน คุณสามารถมีกิจกรรมร่วมกับเว็บไซต์ได้ แต่ต้องล็อกอินก่อน ::
  ล็อกอิน

รายการสื่อสารสนเทศ

ลำดับที่ ประเภท เลขเรียก/บาร์โค้ด สถานที่ สถานะ
- ไม่พบข้อมูล -

รายการใกล้เคียง
    ผู้แต่ง [นรินทร์ วรวุฒิ]

BibComment


ยังไม่เคยถูกคอมเมนท์

คอมเมนท์ทรัพยากรรายการนี้
  คอมเมนท์: หมอมะเร็ง แฉ เรื..


 Copyright 2026. Bcnsprnw @Library